000 00611nam a2200229Ia 4500
003 OSt
005 20221006164629.0
006 a|||||r|||| 00| 0
007 ta
008 221006b |||||||| |||| 00| 0 hin d
024 _a6,616
037 _cTextual
040 _aFML
_cFML
_bhin
041 _2hin
_ahin
082 _aQ:332.4441, M6
100 _aSurj Bhan Au.
_9677943
245 0 _aHariyana Ka Sant Sahitya
260 _aChandigarh
_bHariyana Sahitya Acadmy India
_c1986
300 _a339
_ccm.
942 _hQ:332.4441, M6
_cTEXL
_2CC
999 _c1117908
_d1117908